El CAFTA: imperialismo económico de EEUU
Gardado en:
| Formato: | Texto |
|---|---|
| Etiquetas: |
Engadir etiqueta
Sen Etiquetas, Sexa o primeiro en etiquetar este rexistro!
|
MARC
| LEADER | 00000 a a2200000 04500 | ||
|---|---|---|---|
| 001 | 6696 | ||
| 003 | |||
| 040 | |||
| 245 | |a El CAFTA: |b imperialismo económico de EEUU | ||
| 773 | |g volumen 24, número 1067; páginas 8-10 | ||
| 999 | |c 27848 |d 27848 | ||
